01229nab a2200205 i 4500001000400000003000400004005001700008008003900025040000800064041000800072044000800080080002100088100013600109245021100245260001000456500002100466520037600487650002100863773013900884BPPBPK20160531115330.0151117s2009 pl n f |000 0eng cBPK aeng aPOL a004.032.26+004.8 aDUER, Stanisław.d2003 - .bPolitechnika Koszalińska - Wydział Mechaniczny,cKatedra Zastosowań Elektroniki i Elektrotechniki aConduplicatio of the elements of the object's maintenance structure of a repairable technical object = Klasyfikowanie elementów struktury obsługowej naprawialnego obiektu technicznego /cStanisław Duer. c2009. aDane z autopsji. aW pracy zaprezentowano metodę tworzenia wiedzy ekspertowej, wspomagającej obsługiwanie złożonego obiektu technicznego. Zaprezentowano sposób realizacji opracowania obsługowego obiektu. W tym celu przedstawiono schemat złożonego obiektu technicznego wraz z jego elementami funkcjonalnymi, który stał się podstawą klasyfikowania-grupowania elementów. 0aSieci neuronowe. iW :tScintific Problems of Machines Operation and Maintenance = Zagadnienia Eksploatacji Maszyn. -gVol. 44, 2009, nr 1(157), s. 49-61